Comparaison Internationale des Produits Intérieurs Bruts en Europe 1980 Résultats du Programme de comparaison européennes
Saved in:
| Format: | Book |
|---|---|
| Language: | French |
| Published: |
New York
Nations Unies
1986
|
| Edition: | 1. éd. |
| Tags: |
No Tags, Be the first to tag this record!
|
MARC
| LEADER | 00000nam a2200000 4500 | ||
|---|---|---|---|
| 001 | c030646 | ||
| 005 | 20221220071157.4 | ||
| 041 | 0 | |a fre | |
| 044 | |a US | ||
| 245 | 1 | 0 | |a Comparaison Internationale des Produits Intérieurs Bruts en Europe 1980 |b Résultats du Programme de comparaison européennes |
| 250 | |a 1. éd. | ||
| 264 | 1 | |a New York |b Nations Unies |c 1986 | |
| 300 | |a 177 s. | ||